000
00278nam a2200109Ia 4500
008
190216s9999||||xx |||||||||||||| ||und||
100
_a
Gordon E & Natarajan K
245
0
_a
Financial Markets And Services
260
_b
Macmillan India Ltd
_c
2003
300
_a
410p
942
_c
BK
999
_c
6697
_d
6697